Loading...
| Fine Arts - Classical Music | 5 | 12.00 | 60% | 60% | 0% |
| Fine Arts - Other Fine Arts | 3 | 16.67 | 100% | 67% | 0% |
| Fine Arts - Visual Fine Arts | 5 | 20.00 | 100% | 80% | 20% |
| Geography/Current Events | 2 | 5.00 | 50% | 0% | 0% |
| History - American History | 7 | 10.00 | 100% | 0% | 0% |
| History - European History | 5 | 10.00 | 100% | 0% | 0% |
| History - Other History | 4 | 12.50 | 75% | 25% | 25% |
| History - World History | 5 | 12.00 | 80% | 40% | 0% |
| Literature - American Literature | 4 | 12.50 | 100% | 25% | 0% |
| Literature - British Literature | 8 | 13.75 | 88% | 38% | 13% |
| Literature - European Literature | 6 | 13.33 | 100% | 33% | 0% |
| Literature - World/Other Literature | 6 | 16.67 | 100% | 67% | 0% |
| Mythology | 6 | 8.33 | 67% | 17% | 0% |
| Other Academic | 2 | 20.00 | 100% | 100% | 0% |
| Philosophy | 5 | 22.00 | 100% | 60% | 60% |
| Pop Culture | 1 | 20.00 | 100% | 100% | 0% |
| Religion | 4 | 7.50 | 75% | 0% | 0% |
| Science - Biology | 5 | 14.00 | 80% | 40% | 20% |
| Science - Chemistry | 2 | 10.00 | 100% | 0% | 0% |
| Science - Other Science | 7 | 20.00 | 100% | 71% | 29% |
| Science - Physics | 5 | 10.00 | 80% | 20% | 0% |
| Social Science | 7 | 17.14 | 86% | 71% | 14% |
| World/Other Literature> | 1 | 10.00 | 100% | 0% | 0% |